| 000 | 01036nam a2200265 i 4500 | ||
|---|---|---|---|
| 001 | 106376 | ||
| 003 | ES-MaACL | ||
| 005 | 20250820063041.0 | ||
| 007 | t| | ||
| 008 | 061103s1979 sp ||||1| spa d | ||
| 020 | _a84-85354-32-X | ||
| 080 | _a94(443.61 P.)"1871" | ||
| 100 | 0 |
_aCarreras y Lastortras, Luis, _d1840-1888 _935690 |
|
| 245 | 1 | 0 |
_aParís a sangre y fuego _b: jornadas de la Comuna / _cpor Luis Carreras ; prólogo de Josep-Eduard Adsuar. |
| 260 |
_aBarcelona : _bJosé J. de Olañeta, _c1979. |
||
| 300 |
_a62 p. : _bil. ; _c22 cm. |
||
| 490 | 1 |
_aPequeña biblioteca calamvs scriptorivs ; _v36 |
|
| 500 | _aContiene reproducción facsímil de la ed. de: Barcelona : Librería Española de I. López, 1871. | ||
| 500 | _aBiblioteca Jacinto Martínez Lacalle. | ||
| 651 | 4 |
_aParís- _xHistoria- _y1871, Comuna. _99212 |
|
| 700 | 1 |
_aAdsuar, Josep-Eduard. _918490 |
|
| 830 | 0 |
_aPequeña biblioteca calamvs scriptorivs ; _v36 _9182965 |
|
| 852 |
_aES-MaACL _jE-11368 _bR.138999 |
||
| 999 |
_c106376 _d106376 |
||